|
|
|
|
| LEADER |
00000nam a2200000Ii 4500 |
| 001 |
DIGEDUNAV0238 |
| 003 |
NyNyDIG |
| 006 |
m o d |
| 007 |
cr ||||||||||| |
| 008 |
220611s2016 sp ob 001 0 spa d |
| 035 |
|
|
|a (OCoLC)1333701060
|
| 040 |
|
|
|a DGITA
|b eng
|e rda
|e pn
|c DGITA
|
| 020 |
|
|
|z 9788431331337
|
| 050 |
1 |
4 |
|a BX4700.B68 ebook
|
| 100 |
1 |
|
|a León Sanz, Isabel María,
|e author.
|
| 245 |
1 |
3 |
|a El arte creador en San Buenaventura :
|b fundamentos para una teología de la belleza /
|c Isabel María León Sanz.
|
| 246 |
3 |
0 |
|a Fundamentos para una teología de la belleza
|
| 264 |
|
1 |
|a Pamplona, España :
|b EUNSA, Ediciones Universidad de Navarra,
|c [2016]
|
| 300 |
|
|
|a 1 online resource.
|
| 336 |
|
|
|a text
|b txt
|2 rdacontent
|
| 337 |
|
|
|a computer
|b c
|2 rdamedia
|
| 338 |
|
|
|a online resource
|b cr
|2 rdacarrier
|
| 347 |
|
|
|a text file
|2 rdaft
|
| 347 |
|
|
|b PDF
|
| 490 |
1 |
|
|a Colección Teológica ;
|v 133
|
| 504 |
|
|
|a Includes bibliographical references and index.
|
| 588 |
0 |
|
|a Online resource; title from PDF title page (Digitalia, viewed June 11, 2022)
|
| 600 |
0 |
0 |
|a Bonaventure,
|c Saint, Cardinal,
|d approximately 1217-1274.
|
| 650 |
|
0 |
|a Aesthetics
|x Religious aspects
|x Christianity.
|
| 650 |
|
0 |
|a God
|x Beauty.
|
| 655 |
|
0 |
|a Electronic books.
|
| 791 |
2 |
|
|a Digitalia (Firm),
|e distributor.
|
| 793 |
0 |
|
|g Digitalia eBook Collection:
|a Ediciones Universidad de Navarra
|
| 776 |
0 |
8 |
|i Print version:
|a León Sanz, Isabel María.
|t Fundamentos para una teología de la belleza.
|b Primera edición.
|d Pamplona, España : EUNSA, Ediciones Universidad de Navarra, [2016]
|z 9788431331337
|
| 830 |
|
0 |
|a Colección teológica ;
|v 133.
|
| 856 |
4 |
0 |
|3 Digitalia Hispánica
|u https://www.digitaliapublishing.com/a/51607/
|
| 910 |
|
|
|a Premium collection: 2022
|